000 00454nam a2200169Ia 4500
005 20230328092400.0
008 131103s9999 xx 000 0 und d
040 _aLoreto College
041 _aEnglish
082 _a822.91
_bSHA
100 _aSham,Bernard
245 _aThe simpleton,The six and The millionairess
_b being three more plays
_cBernard Sham
260 _aLondon
_bContable
_c1936
300 _av,198 p.
850 _aLCLIB
942 _cBK
999 _c4397
_d54876